British Universities Quiz - Statistics

General Stats
  • This quiz has been taken 134 times
  • The average score is 54 of 121
Answer Stats
Rank Answer % Correct
3 Oxford
100%
1 Cambridge
99%
40 Manchester
91%
25 Edinburgh
90%
11 Leeds
87%
38 Cardiff
85%
14 Glasgow
85%
35 Newcastle
85%
50 Liverpool
84%
81 Birmingham City
83%
16 Birmingham
82%
23 Bristol
80%
10 Exeter
79%
18 Nottingham
79%
24 Southampton
77%
2 St Andrews
77%
5 Durham
76%
31 Swansea
74%
20 York
72%
21 Portsmouth
71%
34 Aberdeen
70%
45 Sheffield
70%
84 Leicester
68%
60 Plymouth
68%
19 London School of Economics
67%
22 University College London
67%
6 Bath
66%
114 Brighton
66%
95 Hull
65%
7 Lancaster
64%
9 Warwick
63%
29 Dundee
59%
7 Imperial College
59%
12 Nottingham Trent
59%
26 Derby
58%
63 King's College London
58%
68 Reading
58%
65 Kent
57%
17 Lincoln
57%
15 Coventry
56%
89 Sunderland
55%
41 Sussex
54%
73 Bournemouth
53%
30 East Anglia
53%
82 Chester
52%
54 Aberystwyth
51%
71 Bradford
50%
33 Oxford Brookes
50%
53 Queen's, Belfast
48%
66 Essex
47%
79 Manchester Metropolitan
47%
93 Northampton
47%
36 Aston
44%
91 Salford
44%
4 Loughborough
43%
115 Wolverhampton
43%
63 Liverpool John Moores
42%
45 Stirling
42%
26 Surrey
39%
116 Cumbria
38%
47 Northumbria
38%
88 Worcester
38%
117 Canterbury Christ Church
37%
43 Huddersfield
37%
55 Sheffield Hallam
37%
51 Strathclyde
37%
78 Bangor
36%
32 Keele
35%
118 Leeds Beckett
35%
83 Queen Mary
35%
96 Winchester
35%
72 Central Lancashire
33%
37 Staffordshire
33%
28 West of England, Bristol
32%
61 De Montfort
31%
92 Hertfordshire
31%
119 Suffolk
30%
99 Anglia Ruskin
28%
86 Bolton
28%
104 East London
28%
43 Liverpool Hope
28%
39 University of the Arts London
28%
73 Chichester
27%
67 Gloucestershire
27%
61 Heriot-Watt
27%
99 Brunel
26%
59 Ulster
26%
102 Westminster
26%
121 Bedfordshire
25%
97 City
25%
48 Edge Hill
25%
48 Kingston
25%
42 Royal Holloway
25%
107 Bath Spa
24%
120 Buckinghamshire New University
23%
105 Edinburgh Napier
23%
52 Falmouth
23%
107 York St John
23%
80 Glasgow Caledonian
22%
111 London Metropolitan
22%
56 School of Oriental & African Studies
22%
57 West London
22%
87 Abertay Dundee
21%
90 Greenwich
21%
94 Leeds Trinity
21%
68 London South Bank
21%
70 Teesside
21%
113 Cardiff Metropolitan
20%
57 Trinity Saint David
20%
77 St Mary's, Twickenham
19%
73 Solent
18%
76 Robert Gordon
17%
103 Roehampton
17%
109 Middlesex
16%
98 South Wales
15%
106 West of Scotland
15%
99 Goldsmiths
12%
84 Queen Margaret
12%
110 Newman
6%
112 Glyndwr
5%
13 University for the Creative Arts
4%
No matching quizzes found
Score Distribution
Percent of People with Each Score
Percentile by Number Answered
Your Score History
You have not taken this quiz